000 00845nas a2200289 4500
001 BR0102088
003 BR-BrBNA
005 20231205102227.0
007 ta
008 230509b bl.|||p| |||| 00| 00por d
040 _aBR-BrBNA
_bpor
_cBiblioteca Nacional de Agricultura
041 _a(Pt)
072 _aM12
100 1 _aUliana, O.
100 1 _aSilva, J.H.S. da
100 1 _aRadunz Neto, J.
245 1 _aDiferentes fontes de lipidios testadas na criacao de larvas de Jundia (Rhamdia quelen), Pisces, Pimelodidae
650 _aBagre
650 _aCriacao
650 _aTanque
650 _aDieta
650 _aLipidio
650 _aRio Grande do Sul
773 0 _tCiencia Rural (Brazil)
_xISSN 0103-8478
_g(Jan-Feb 2001), v. 31(1) p. 129-133
_wBR0102088
909 _a202311
_bLúcia
_c55
_dLúcia Elande
942 _2AGRIS
_n0
_cANA
999 _c166416
_d166416